01573 a2200181 45000010006000000050017000060080041000230030015000640400040000790800059001192450036001780200022002142640033002363000019002695050950002881000027012388560126012652559220260407155540.0260407a2007 arg spa dAR-UNSa-BCEJYS aAR-UNSa-BCEJYSbspacAR-UNSa-BCEJYS a347.74xContratos mercantiles (comerciales...leasing))10aManual de contratos comerciales a978-950-894-628-7 1aBuenos Aires :bAD-HOCc2007 a461 p.c23 cm. aParte I : Aspectos generales de la contratación mercantil : 1. Introducción al régimen contractual mercantil - 2. La formación de los contratos mercantiles - 3. Forma, prueba e interpretación de los contratos comerciales - 4. Nulidad, conversión y resolución de los contratos comerciales - Parte II : Contratos en particular : 5. Compraventa comercial - 6. Contratos estimatorio - 7. Depósito comercial - 8. Contrato de transporte - 9. Mandato comercial - 10. Comisión o consignación - 11. Prenda comercial común - 12. Prenda con registro - 13. Fianza comercial - 14. Mutuo comercial - 15. Cuenta corriente mercantil - 16. Transferencia de fondo de comercio - 17. Contrato de distribución - 18. Contrato de concesión mercantil - 19. Contrato de agencia - 20. Contrato de leasing - 21. Contrato de factoring - 22. Contrato de franchising - 23. Contrato de seguro - 24. Tarjeta de crédito - 25. Contrato de fideicomiso.1 aVítolo, Daniel Roque41uhttps://biblioeco.unsa.edu.ar/pmb/images/libros/Manual de Contratos Comerciales (2007).jpgyImagen de portadaqimage/jpeg